| 000 | 01476nam a2200397 i 4500 | ||
|---|---|---|---|
| 001 | 197218 | ||
| 003 | ES-MaACL | ||
| 005 | 20250822063246.0 | ||
| 008 | 250426s1998 sp | ||| ||spa | ||
| 016 | 7 |
_abimoBNE19994690155 _2SpMaBN |
|
| 017 |
_aNA 2616-2011 _bOficina Depósito Legal Navarra |
||
| 020 | _a9788479532536 | ||
| 035 | _a(OCoLC)434244099 | ||
| 035 | _a(SpMaBN)bimo0001216153 | ||
| 040 |
_aSpMaBN _bspa _cSpMaBN _erdc |
||
| 080 | _a171 | ||
| 080 | _a299.77(=822.2 Toltecas) | ||
| 100 | 1 |
_aRuiz, Miguel, _d1952- _9240287 _eaut |
|
| 240 | 1 | 4 |
_aThe Four Agreements _lEspañol |
| 245 | 1 | 4 |
_aLos cuatro acuerdos : _bun libro de sabiduría tolteca / _cMiguel Ruiz ; [traducción, Luz Hernández]. |
| 260 |
_aMadrid : _bUrano, _c[1998]. |
||
| 300 |
_a153 páginas ; _c22 cm |
||
| 336 |
_2rdacontent _atexto |
||
| 337 |
_2rdamedia _asin mediación |
||
| 338 |
_2rdacarrier _avolumen |
||
| 594 | _aTraducción de: The Four Agreements | ||
| 650 | 7 |
_aMoral práctica _2embne _911261 |
|
| 650 | 0 |
_aToltecas- _xReligión _2embne _9240288 |
|
| 852 |
_aES-MaACL _cDEPOJ _jN-10506 _hDonación: José Lázaro García _xEncuadernación rústica con solapas _9206629 |
||
| 903 |
_9234219 _aLázaro García, José _ednr |
||
| 942 |
_cMONOGRAFIA _n0 |
||
| 999 |
_c197218 _d197218 |
||